| АИС "Историко-культурное наследие Беларуси" | ||
| Базовый | Расширенный | Профессиональный | Словарь персоналий | Тематический словарь | По видам объектов | История запросов Заказы | Регистрация | |
Запись в MARC-формате
| копировать MARC-запись |
=LDR 00000nx\\c2200229\\\45\\
=001 BY-NLB-ar7227866
=005 20160330095641.2
=100 \\$a20140312arusy50\\\\\\ca0
=152 \\$apsbo
=160 \\$ae-bw
=215 \\$aКостел Наисвятейшего Имени Марии (Парафьяново, агрогородок; Докшицкий район)
=300 1\$aПамятник архитектуры необарокко. Построен в 1903–1908 гг.
=356 \\$aНаходится в центре агрогородка Парафьяново Докшицкого района Витебской области.
=415 \\$aКостел Иоанна Крестителя (Парафьяново, агрогородок; Докшицкий район)
=415 \\$aПарафьяновский костел Пресвятой Девы Марии
=515 \\$5w$3BY-NLB-ar7227845$aКасцёл Найсвяцейшага Імя Марыі (Параф'янава, аграгарадок; Докшыцкі раён)
=801 \0$aBY$bBY-HM0000$c20140312
=810 \\$aТуристская энциклопедия Беларуси. — Минск, 2007.
=810 \\$aКаталіцкія храмы Беларусі / А. М. Кулагін. — Мінск, 2008.
=810 \\$aКаталіцкія храмы на Беларусі : энцыклапедычны даведнік / А. М. Кулагін. — Мінск, 2000.
=810 \\$aПараф'янава // Беларуская энцыклапедыя : у 18 т. — Мінск, 2001. — Т. 12. — С. 94.
=999 \\$f2786 NLB-NDARD$t20140312
Чтобы вернуться назад, щелкните кнопку BACK на Вашем браузере